[Event "FIDE World Cup 2025"]
[Site "Goa, India"]
[Date "2025.11.01"]
[Round "1.19"]
[White "Manon, Reja Neer"]
[Black "Tari, Aryan"]
[Result "1/2-1/2"]
[TimeControl ": 90 minutes for the first 40 moves, followed by 30 minutes for the rest of the gamewith an increment of 30 seconds per move starting from move 1"]
[WhiteFideId "10224009"]
[BlackFideId "1510045"]
[WhiteElo "2369"]
[BlackElo "2631"]

1. e4 {[%clk 01:30:45]} {[%emt 00:00:15]} c5 {[%clk 01:30:40]} {[%emt
00:00:20]} 2. Nf3 {[%clk 01:30:47]} {[%emt 00:00:29]} Nc6 {[%clk 01:30:59]}
{[%emt 00:00:11]} 3. Bb5 {[%clk 01:30:51]} {[%emt 00:00:25]} e6 {[%clk
01:31:11]} {[%emt 00:00:18]} 4. O-O {[%clk 01:30:09]} {[%emt 00:01:12]} Nge7
{[%clk 01:31:23]} {[%emt 00:00:18]} 5. Re1 {[%clk 01:30:34]} {[%emt 00:00:05]}
a6 {[%clk 01:31:09]} {[%emt 00:00:44]} 6. Bf1 {[%clk 01:31:02]} {[%emt
00:00:02]} b6 {[%clk 01:31:01]} {[%emt 00:00:39]} 7. d4 {[%clk 01:25:53]}
{[%emt 00:05:39]} cxd4 {[%clk 01:31:21]} {[%emt 00:00:09]} 8. Nxd4 {[%clk
01:26:18]} {[%emt 00:00:06]} Nxd4 {[%clk 01:31:33]} {[%emt 00:00:18]} 9. Qxd4
{[%clk 01:26:46]} {[%emt 00:00:02]} Nc6 {[%clk 01:31:53]} {[%emt 00:00:09]} 10.
Qd3 {[%clk 01:26:23]} {[%emt 00:00:54]} Bb7 {[%clk 01:23:13]} {[%emt 00:09:10]}
11. Nc3 {[%clk 01:22:42]} {[%emt 00:04:10]} d6 {[%clk 01:03:53]} {[%emt
00:19:51]} 12. Bf4 {[%clk 01:02:43]} {[%emt 00:20:29]} Ne5 {[%clk 00:55:29]}
{[%emt 00:08:54]} 13. Qg3 {[%clk 00:54:24]} {[%emt 00:08:49]} h5 {[%clk
00:49:24]} {[%emt 00:06:35]} 14. Bxe5 {[%clk 00:47:17]} {[%emt 00:07:37]} h4
{[%clk 00:48:21]} {[%emt 00:01:32]} 15. Qf4 {[%clk 00:47:01]} {[%emt 00:00:46]}
dxe5 {[%clk 00:48:21]} {[%emt 00:00:31]} 16. Qxe5 {[%clk 00:46:43]} {[%emt
00:00:48]} Rc8 {[%clk 00:46:06]} {[%emt 00:02:44]} 17. Rad1 {[%clk 00:35:43]}
{[%emt 00:11:30]} Qf6 {[%clk 00:38:19]} {[%emt 00:08:18]} 18. Qd4 {[%clk
00:24:10]} {[%emt 00:12:03]} Qxd4 {[%clk 00:33:31]} {[%emt 00:05:18]} 19. Rxd4
{[%clk 00:24:30]} {[%emt 00:00:10]} Bc5 {[%clk 00:30:55]} {[%emt 00:03:05]} 20.
Rd3 {[%clk 00:24:54]} {[%emt 00:00:07]} b5 {[%clk 00:24:43]} {[%emt 00:06:43]}
21. Nb1 {[%clk 00:19:07]} {[%emt 00:06:16]} Ke7 {[%clk 00:23:35]} {[%emt
00:01:37]} 22. Nd2 {[%clk 00:18:22]} {[%emt 00:01:15]} Bb6 {[%clk 00:20:02]}
{[%emt 00:04:05]} 23. c3 {[%clk 00:16:36]} {[%emt 00:02:15]} g5 {[%clk
00:18:29]} {[%emt 00:02:02]} 24. h3 {[%clk 00:04:44]} {[%emt 00:12:23]} Rhg8
{[%clk 00:17:15]} {[%emt 00:01:44]} 25. Nf3 {[%clk 00:03:37]} {[%emt 00:01:37]}
g4 {[%clk 00:10:47]} {[%emt 00:06:58]} 26. hxg4 {[%clk 00:03:41]} {[%emt
00:00:26]} Rxg4 {[%clk 00:11:08]} {[%emt 00:00:09]} 27. Ne5 {[%clk 00:02:03]}
{[%emt 00:02:07]} Rxe4 {[%clk 00:10:32]} {[%emt 00:01:07]} 28. Rd7+ {[%clk
00:01:15]} {[%emt 00:01:17]} Ke8 {[%clk 00:08:50]} {[%emt 00:02:12]} 29. Rxb7
{[%clk 00:00:37]} {[%emt 00:01:09]} Rxe1 {[%clk 00:07:49]} {[%emt 00:01:31]} 30.
Nf3 {[%clk 00:00:34]} {[%emt 00:00:32]} Rxf1+ {[%clk 00:02:33]} {[%emt
00:05:47]} 31. Kxf1 {[%clk 00:00:59]} {[%emt 00:00:05]} Bc7 {[%clk 00:03:01]}
{[%emt 00:00:02]} 32. Ra7 {[%clk 00:00:48]} {[%emt 00:00:41]} a5 {[%clk
00:03:16]} {[%emt 00:00:15]} 33. Rb7 {[%clk 00:00:39]} {[%emt 00:00:39]} b4
{[%clk 00:03:31]} {[%emt 00:00:16]} 34. cxb4 {[%clk 00:01:03]} {[%emt
00:00:05]} axb4 {[%clk 00:03:58]} {[%emt 00:00:03]} 35. Rxb4 {[%clk 00:00:52]}
{[%emt 00:00:42]} Bd6 {[%clk 00:04:16]} {[%emt 00:00:12]} 36. Rd4 {[%clk
00:00:36]} {[%emt 00:00:43]} Ke7 {[%clk 00:04:32]} {[%emt 00:00:16]} 37. Ke2
{[%clk 00:00:32]} {[%emt 00:00:34]} e5 {[%clk 00:03:53]} {[%emt 00:01:08]} 38.
Rd1 {[%clk 00:00:57]} {[%emt 00:00:06]} Rc4 {[%clk 00:03:23]} {[%emt 00:01:00]}
39. b3 {[%clk 00:00:59]} {[%emt 00:00:28]} Re4+ {[%clk 00:03:26]} {[%emt
00:00:28]} 40. Kf1 {[%clk 00:01:21]} {[%emt 00:00:06]} Rf4 {[%clk 00:03:52]}
{[%emt 00:00:04]} 41. Re1 {[%clk 00:27:35]} {[%emt 00:04:16]} f6 {[%clk
00:29:15]} {[%emt 00:05:07]} 42. Ke2 {[%clk 00:14:29]} {[%emt 00:13:33]}
1/2-1/2

[Event "FIDE World Cup 2025"]
[Site "Goa, India"]
[Date "2025.11.01"]
[Round "1.20"]
[White "Pranesh, M"]
[Black "Akhmedinov, Satbek"]
[Result "1-0"]
[TimeControl ": 90 minutes for the first 40 moves, followed by 30 minutes for the rest of the gamewith an increment of 30 seconds per move starting from move 1"]
[WhiteFideId "35028600"]
[BlackFideId "13714287"]
[WhiteElo "2630"]
[BlackElo "2372"]

1. e4 {[%clk 01:30:57]} {[%emt 00:00:02]} e5 {[%clk 01:30:56]} {[%emt
00:00:04]} 2. Nf3 {[%clk 01:31:23]} {[%emt 00:00:04]} Nc6 {[%clk 01:31:22]}
{[%emt 00:00:05]} 3. Bb5 {[%clk 01:31:47]} {[%emt 00:00:05]} a6 {[%clk
01:31:44]} {[%emt 00:00:09]} 4. Ba4 {[%clk 01:32:14]} {[%emt 00:00:04]} Nf6
{[%clk 01:32:08]} {[%emt 00:00:05]} 5. O-O {[%clk 01:32:37]} {[%emt 00:00:07]}
Nxe4 {[%clk 01:32:32]} {[%emt 00:00:06]} 6. d4 {[%clk 01:32:59]} {[%emt
00:00:09]} b5 {[%clk 01:32:52]} {[%emt 00:00:09]} 7. Bb3 {[%clk 01:33:24]}
{[%emt 00:00:05]} d5 {[%clk 01:33:16]} {[%emt 00:00:06]} 8. dxe5 {[%clk
01:33:46]} {[%emt 00:00:09]} Be6 {[%clk 01:33:42]} {[%emt 00:00:04]} 9. Be3
{[%clk 01:34:05]} {[%emt 00:00:11]} Be7 {[%clk 01:33:34]} {[%emt 00:00:38]} 10.
c3 {[%clk 01:34:20]} {[%emt 00:00:15]} Nc5 {[%clk 01:33:41]} {[%emt 00:00:22]}
11. Bc2 {[%clk 01:26:49]} {[%emt 00:08:01]} Nd7 {[%clk 01:34:04]} {[%emt
00:00:07]} 12. Bd4 {[%clk 01:20:30]} {[%emt 00:06:49]} Na5 {[%clk 01:09:45]}
{[%emt 00:24:50]} 13. b4 {[%clk 01:12:52]} {[%emt 00:08:08]} Nc4 {[%clk
01:07:04]} {[%emt 00:03:10]} 14. Nbd2 {[%clk 01:09:51]} {[%emt 00:03:31]} Na3
{[%clk 01:04:48]} {[%emt 00:02:47]} 15. Nb3 {[%clk 01:07:27]} {[%emt 00:02:53]}
Qc8 {[%clk 00:45:55]} {[%emt 00:19:24]} 16. Bd3 {[%clk 01:05:40]} {[%emt
00:02:17]} a5 {[%clk 00:38:21]} {[%emt 00:08:04]} 17. Nxa5 {[%clk 00:58:05]}
{[%emt 00:08:05]} c5 {[%clk 00:35:17]} {[%emt 00:03:34]} 18. Be3 {[%clk
00:58:14]} {[%emt 00:00:22]} h6 {[%clk 00:24:17]} {[%emt 00:11:30]} 19. Qe2
{[%clk 00:50:54]} {[%emt 00:07:49]} Nc4 {[%clk 00:23:04]} {[%emt 00:01:44]} 20.
a3 {[%clk 00:42:23]} {[%emt 00:09:01]} Nxa5 {[%clk 00:20:14]} {[%emt 00:03:20]}
21. bxa5 {[%clk 00:42:47]} {[%emt 00:00:06]} c4 {[%clk 00:20:33]} {[%emt
00:00:10]} 22. Bc2 {[%clk 00:43:04]} {[%emt 00:00:13]} Rxa5 {[%clk 00:19:59]}
{[%emt 00:01:04]} 23. Nd4 {[%clk 00:41:14]} {[%emt 00:02:20]} Nxe5 {[%clk
00:16:53]} {[%emt 00:03:36]} 24. f4 {[%clk 00:38:09]} {[%emt 00:03:35]} Nd3
{[%clk 00:11:48]} {[%emt 00:05:35]} 25. f5 {[%clk 00:38:06]} {[%emt 00:00:33]}
Bd7 {[%clk 00:12:16]} {[%emt 00:00:03]} 26. f6 {[%clk 00:33:52]} {[%emt
00:04:44]} gxf6 {[%clk 00:12:36]} {[%emt 00:00:10]} 27. Bxd3 {[%clk 00:33:34]}
{[%emt 00:00:48]} cxd3 {[%clk 00:13:01]} {[%emt 00:00:05]} 28. Qxd3 {[%clk
00:33:29]} {[%emt 00:00:35]} Qc4 {[%clk 00:12:50]} {[%emt 00:00:41]} 29. Qd2
{[%clk 00:31:39]} {[%emt 00:02:20]} Be6 {[%clk 00:12:45]} {[%emt 00:00:34]} 30.
Nf5 {[%clk 00:29:38]} {[%emt 00:02:31]} Kd7 {[%clk 00:08:51]} {[%emt 00:04:24]}
31. Nxe7 {[%clk 00:29:27]} {[%emt 00:00:42]} Kxe7 {[%clk 00:09:18]} {[%emt
00:00:03]} 32. Bd4 {[%clk 00:26:44]} {[%emt 00:03:12]} Rha8 {[%clk 00:09:20]}
{[%emt 00:00:28]} 33. Qxh6 {[%clk 00:26:25]} {[%emt 00:00:50]} Rxa3 {[%clk
00:09:37]} {[%emt 00:00:13]} 34. Rae1 {[%clk 00:26:01]} {[%emt 00:00:53]} Ra2
{[%clk 00:05:08]} {[%emt 00:04:59]} 35. Qxf6+ {[%clk 00:12:44]} {[%emt
00:13:47]} Kd7 {[%clk 00:05:35]} {[%emt 00:00:03]} 36. Qg7 {[%clk 00:12:01]}
{[%emt 00:01:14]} Re2 {[%clk 00:02:24]} {[%emt 00:03:41]} 37. Rxf7+ {[%clk
00:12:16]} {[%emt 00:00:15]} Bxf7 {[%clk 00:02:50]} {[%emt 00:00:03]} 38. Qxf7+
{[%clk 00:12:42]} {[%emt 00:00:04]} Kc6 {[%clk 00:01:34]} {[%emt 00:01:47]} 39.
Qg6+ {[%clk 00:12:09]} {[%emt 00:01:03]} Kb7 {[%clk 00:01:08]} {[%emt
00:00:56]} 40. Qb6+ {[%clk 00:11:45]} {[%emt 00:00:54]} Kc8 {[%clk 00:01:34]}
{[%emt 00:00:04]} 41. Rf1 {[%clk 00:11:59]} {[%emt 00:00:16]} Re8 {[%clk
00:14:31]} {[%emt 00:17:33]} 42. Bc5 {[%clk 00:40:30]} {[%emt 00:01:58]} Ra2
{[%clk 00:12:11]} {[%emt 00:02:50]} 43. Qc6+ {[%clk 00:38:28]} {[%emt
00:02:33]} Kd8 {[%clk 00:11:58]} {[%emt 00:00:42]} 44. Bb6+ {[%clk 00:38:51]}
{[%emt 00:00:08]} Ke7 {[%clk 00:12:24]} {[%emt 00:00:03]} 45. Qb7+ {[%clk
00:38:19]} {[%emt 00:01:02]} Kd6 {[%clk 00:11:34]} {[%emt 00:01:20]} 46. Rf6+
{[%clk 00:38:11]} {[%emt 00:00:38]} Ke5 {[%clk 00:10:34]} {[%emt 00:01:30]} 47.
Qg7 {[%clk 00:38:01]} {[%emt 00:00:41]} Ra1+ {[%clk 00:03:33]} {[%emt
00:07:31]} 48. Rf1+ {[%clk 00:38:18]} {[%emt 00:00:13]} 1-0

[Event "FIDE World Cup 2025"]
[Site "Goa, India"]
[Date "2025.11.01"]
[Round "1.22"]
[White "Ivic, Velimir"]
[Black "Orozbaev, Eldiyar"]
[Result "1-0"]
[TimeControl ": 90 minutes for the first 40 moves, followed by 30 minutes for the rest of the gamewith an increment of 30 seconds per move starting from move 1"]
[WhiteFideId "950122"]
[BlackFideId "13802240"]
[WhiteElo "2628"]
[BlackElo "2375"]

1. Nf3 {[%clk 01:30:53]} {[%emt 00:00:07]} d5 {[%clk 01:30:53]} {[%emt
00:00:08]} 2. g3 {[%clk 01:31:13]} {[%emt 00:00:10]} Nd7 {[%clk 01:31:15]}
{[%emt 00:00:08]} 3. d4 {[%clk 01:31:27]} {[%emt 00:00:16]} Nb6 {[%clk
01:31:40]} {[%emt 00:00:05]} 4. a4 {[%clk 01:31:37]} {[%emt 00:00:20]} a5
{[%clk 01:32:04]} {[%emt 00:00:06]} 5. b3 {[%clk 01:32:03]} {[%emt 00:00:04]}
e6 {[%clk 01:24:10]} {[%emt 00:08:24]} 6. Bg2 {[%clk 01:29:24]} {[%emt
00:03:08]} Nf6 {[%clk 01:24:30]} {[%emt 00:00:10]} 7. O-O {[%clk 01:28:56]}
{[%emt 00:00:58]} Be7 {[%clk 01:24:13]} {[%emt 00:00:48]} 8. Nc3 {[%clk
01:13:35]} {[%emt 00:15:51]} Bd7 {[%clk 01:20:46]} {[%emt 00:03:57]} 9. Ne5
{[%clk 01:10:32]} {[%emt 00:03:33]} O-O {[%clk 01:16:56]} {[%emt 00:04:20]} 10.
Bb2 {[%clk 01:08:22]} {[%emt 00:02:39]} Be8 {[%clk 01:11:08]} {[%emt 00:06:18]}
11. Nd3 {[%clk 01:07:37]} {[%emt 00:01:14]} Nc8 {[%clk 00:48:11]} {[%emt
00:23:28]} 12. e4 {[%clk 01:02:49]} {[%emt 00:05:18]} dxe4 {[%clk 00:42:48]}
{[%emt 00:05:55]} 13. Nxe4 {[%clk 01:03:12]} {[%emt 00:00:06]} Bc6 {[%clk
00:43:15]} {[%emt 00:00:04]} 14. Nxf6+ {[%clk 01:00:29]} {[%emt 00:03:13]} Bxf6
{[%clk 00:43:40]} {[%emt 00:00:05]} 15. Bxc6 {[%clk 01:00:48]} bxc6 {[%clk
00:44:05]} {[%emt 00:00:16]} 16. Ne5 {[%clk 00:54:10]} {[%emt 00:07:08]} Bxe5
{[%clk 00:26:15]} {[%emt 00:18:20]} 17. dxe5 {[%clk 00:54:33]} {[%emt
00:00:07]} Qxd1 {[%clk 00:26:42]} {[%emt 00:00:04]} 18. Rfxd1 {[%clk 00:54:31]}
Nb6 {[%clk 00:27:08]} {[%emt 00:00:36]} 19. Kf1 {[%clk 00:51:31]} {[%emt
00:03:29]} Nd5 {[%clk 00:20:21]} {[%emt 00:07:18]} 20. Rd4 {[%clk 00:47:37]}
{[%emt 00:04:23]} Rfb8 {[%clk 00:14:05]} {[%emt 00:06:46]} 21. Rc4 {[%clk
00:45:21]} {[%emt 00:02:45]} Ra6 {[%clk 00:13:23]} {[%emt 00:01:12]} 22. Rd1
{[%clk 00:44:55]} {[%emt 00:00:56]} h5 {[%clk 00:11:36]} {[%emt 00:02:18]} 23.
Rc5 {[%clk 00:40:13]} {[%emt 00:05:12]} Kf8 {[%clk 00:09:31]} {[%emt 00:02:34]}
24. Bc1 {[%clk 00:35:38]} {[%emt 00:05:05]} Ke8 {[%clk 00:09:14]} {[%emt
00:00:48]} 25. Bd2 {[%clk 00:35:58]} {[%emt 00:00:10]} Rba8 {[%clk 00:09:04]}
{[%emt 00:00:40]} 26. Ke2 {[%clk 00:34:24]} {[%emt 00:02:03]} Ne7 {[%clk
00:08:50]} {[%emt 00:00:44]} 27. h3 {[%clk 00:29:56]} {[%emt 00:04:58]} Ng6
{[%clk 00:07:31]} {[%emt 00:01:50]} 28. f4 {[%clk 00:26:14]} {[%emt 00:04:12]}
Rd8 {[%clk 00:07:01]} {[%emt 00:01:01]} 29. Be3 {[%clk 00:22:19]} {[%emt
00:04:25]} Rxd1 {[%clk 00:05:48]} {[%emt 00:01:43]} 30. Kxd1 {[%clk 00:22:47]}
{[%emt 00:00:02]} Kd7 {[%clk 00:05:48]} {[%emt 00:00:30]} 31. Ke2 {[%clk
00:22:55]} {[%emt 00:00:21]} Ne7 {[%clk 00:05:40]} {[%emt 00:00:38]} 32. Bd2
{[%clk 00:21:53]} {[%emt 00:01:32]} Ra8 {[%clk 00:03:26]} {[%emt 00:02:44]} 33.
Bxa5 {[%clk 00:18:28]} {[%emt 00:03:54]} Kc8 {[%clk 00:02:19]} {[%emt
00:01:38]} 34. Be1 {[%clk 00:17:12]} {[%emt 00:01:46]} Kb7 {[%clk 00:02:44]}
{[%emt 00:00:05]} 35. Rc3 {[%clk 00:15:15]} {[%emt 00:02:27]} Rd8 {[%clk
00:01:56]} {[%emt 00:01:19]} 36. Rd3 {[%clk 00:14:45]} {[%emt 00:00:59]} Rd5
{[%clk 00:02:13]} {[%emt 00:00:13]} 37. c4 {[%clk 00:09:03]} {[%emt 00:06:12]}
Rxd3 {[%clk 00:02:40]} {[%emt 00:00:04]} 38. Kxd3 {[%clk 00:09:29]} {[%emt
00:00:05]} c5 {[%clk 00:03:06]} {[%emt 00:00:04]} 39. Bf2 {[%clk 00:08:49]}
{[%emt 00:01:10]} Kc6 {[%clk 00:03:31]} {[%emt 00:00:06]} 40. Ke4 {[%clk
00:08:18]} {[%emt 00:01:00]} g6 {[%clk 00:02:55]} {[%emt 00:01:06]} 41. g4
{[%clk 00:07:02]} {[%emt 00:01:46]} hxg4 {[%clk 00:03:19]} {[%emt 00:00:05]} 42.
hxg4 {[%clk 00:07:28]} {[%emt 00:00:04]} Nc8 {[%clk 00:03:46]} {[%emt
00:00:04]} 43. Kf3 {[%clk 00:04:14]} {[%emt 00:03:44]} Ne7 {[%clk 00:29:23]}
{[%emt 00:04:53]} 44. Bh4 {[%clk 00:26:56]} {[%emt 00:07:48]} Nc8 {[%clk
00:29:40]} {[%emt 00:00:12]} 45. a5 {[%clk 00:25:20]} {[%emt 00:02:07]} Kb7
{[%clk 00:28:00]} {[%emt 00:02:10]} 46. Bf2 {[%clk 00:25:40]} {[%emt 00:00:09]}
Kc6 {[%clk 00:28:26]} {[%emt 00:00:05]} 47. Kg3 {[%clk 00:25:04]} {[%emt
00:01:06]} g5 {[%clk 00:28:26]} {[%emt 00:00:30]} 48. f5 {[%clk 00:25:24]}
{[%emt 00:00:10]} Ne7 {[%clk 00:28:51]} {[%emt 00:00:05]} 49. fxe6 {[%clk
00:22:24]} {[%emt 00:03:31]} fxe6 {[%clk 00:29:16]} {[%emt 00:00:06]} 50. Be3
{[%clk 00:22:05]} {[%emt 00:00:48]} Ng6 {[%clk 00:29:40]} {[%emt 00:00:06]} 51.
Bxg5 {[%clk 00:22:29]} {[%emt 00:00:06]} Nxe5 {[%clk 00:30:06]} {[%emt
00:00:04]} 52. Bf4 {[%clk 00:22:12]} {[%emt 00:00:47]} Ng6 {[%clk 00:29:42]}
{[%emt 00:00:54]} 53. g5 {[%clk 00:22:25]} {[%emt 00:00:17]} Kb7 {[%clk
00:29:19]} {[%emt 00:00:54]} 54. Kg4 {[%emt 00:00:39]} 1-0

[Event "FIDE World Cup 2025"]
[Site "Goa, India"]
[Date "2025.11.01"]
[Round "1.24"]
[White "Cheparinov, Ivan"]
[Black "Cordoba Roa, Angel Gabriel"]
[Result "1-0"]
[TimeControl ": 90 minutes for the first 40 moves, followed by 30 minutes for the rest of the gamewith an increment of 30 seconds per move starting from move 1"]
[WhiteFideId "2905540"]
[BlackFideId "3957624"]
[WhiteElo "2626"]
[BlackElo "2392"]

1. e4 {[%clk 01:30:41]} {[%emt 00:00:18]} e5 {[%clk 01:30:05]} {[%emt
00:00:55]} 2. Nf3 {[%clk 01:31:06]} {[%emt 00:00:05]} Nc6 {[%clk 01:30:17]}
{[%emt 00:00:18]} 3. Bb5 {[%clk 01:31:32]} {[%emt 00:00:04]} a6 {[%clk
01:30:05]} {[%emt 00:00:42]} 4. Ba4 {[%clk 01:31:57]} {[%emt 00:00:05]} Nf6
{[%clk 01:30:23]} {[%emt 00:00:13]} 5. O-O {[%clk 01:32:21]} {[%emt 00:00:05]}
Bc5 {[%clk 01:29:59]} {[%emt 00:00:54]} 6. c3 {[%clk 01:32:38]} {[%emt
00:00:14]} b5 {[%clk 01:30:05]} {[%emt 00:00:23]} 7. Bb3 {[%clk 01:33:03]}
{[%emt 00:00:05]} d6 {[%clk 01:30:26]} {[%emt 00:00:10]} 8. a4 {[%clk
01:33:26]} {[%emt 00:00:06]} Bb7 {[%clk 01:30:21]} {[%emt 00:00:34]} 9. d4
{[%clk 01:33:34]} {[%emt 00:00:23]} Bb6 {[%clk 01:30:40]} {[%emt 00:00:11]} 10.
Re1 {[%clk 01:33:32]} {[%emt 00:00:32]} h6 {[%clk 01:27:28]} {[%emt 00:03:42]}
11. Be3 {[%clk 01:32:52]} {[%emt 00:01:10]} O-O {[%clk 01:25:28]} {[%emt
00:02:30]} 12. d5 {[%clk 01:31:11]} {[%emt 00:02:11]} Na5 {[%clk 00:57:50]}
{[%emt 00:28:08]} 13. Bxb6 {[%clk 01:31:21]} {[%emt 00:00:21]} cxb6 {[%clk
00:58:11]} {[%emt 00:00:08]} 14. Ba2 {[%clk 01:31:01]} {[%emt 00:00:50]} bxa4
{[%clk 00:54:33]} {[%emt 00:04:08]} 15. Qxa4 {[%clk 01:29:42]} {[%emt
00:01:49]} Bc8 {[%clk 00:49:59]} {[%emt 00:05:05]} 16. Nbd2 {[%clk 01:23:37]}
{[%emt 00:06:35]} Bd7 {[%clk 00:44:48]} {[%emt 00:05:41]} 17. Qa3 {[%clk
01:23:59]} {[%emt 00:00:08]} Nb7 {[%clk 00:42:12]} {[%emt 00:03:05]} 18. b4
{[%clk 01:21:24]} {[%emt 00:03:05]} Nh5 {[%clk 00:37:26]} {[%emt 00:05:16]} 19.
g3 {[%clk 01:17:27]} {[%emt 00:04:27]} f5 {[%clk 00:36:08]} {[%emt 00:01:48]}
20. exf5 {[%clk 01:15:04]} {[%emt 00:02:53]} Bxf5 {[%clk 00:35:51]} {[%emt
00:00:47]} 21. Bb1 {[%clk 00:58:56]} {[%emt 00:16:38]} Bxb1 {[%clk 00:22:14]}
{[%emt 00:14:07]} 22. Raxb1 {[%clk 00:59:13]} {[%emt 00:00:13]} Qd7 {[%clk
00:21:57]} {[%emt 00:00:47]} 23. c4 {[%clk 00:48:01]} {[%emt 00:11:43]} Nf6
{[%clk 00:18:31]} {[%emt 00:03:55]} 24. Qd3 {[%clk 00:26:19]} {[%emt 00:22:13]}
b5 {[%clk 00:15:13]} {[%emt 00:03:48]} 25. Nh4 {[%clk 00:25:26]} {[%emt
00:01:23]} Rac8 {[%clk 00:12:40]} {[%emt 00:03:02]} 26. Rbc1 {[%clk 00:19:39]}
{[%emt 00:06:19]} bxc4 {[%clk 00:09:38]} {[%emt 00:03:32]} 27. Nxc4 {[%clk
00:19:29]} {[%emt 00:00:41]} Qb5 {[%clk 00:07:48]} {[%emt 00:02:19]} 28. Nf5
{[%clk 00:18:48]} {[%emt 00:01:11]} Rfe8 {[%clk 00:07:13]} {[%emt 00:01:05]} 29.
Nxh6+ {[%clk 00:18:02]} {[%emt 00:01:16]} Kf8 {[%clk 00:06:44]} {[%emt
00:00:59]} 30. Qg6 {[%clk 00:17:28]} {[%emt 00:01:04]} Re7 {[%clk 00:01:58]}
{[%emt 00:05:16]} 31. Nxe5 {[%clk 00:17:21]} {[%emt 00:00:37]} Rce8 {[%clk
00:01:14]} {[%emt 00:01:14]} 32. Qf7+ Rxf7 {[%clk 00:01:23]} 33. Ng6# {[%clk
00:18:11]} {[%emt 00:00:02]} 1-0